000 00934nam a2200277Ia 4500
999 _c53770
_d53770
001 20819
003 GE_BSU
005 20210421133413.0
008 181216s2017||||ru |||||||||||||| ||rus||
020 _aISBN:9785001010234
040 _cGE_BSU
041 _arus
080 _a547(075.8) Т-65
100 _aТравень, В.Ф.
_911485
245 _aОрганическая химия : в 3 т. т.1:
_bУчебное пособие для вузов /
_cВ.Ф. Травень.
250 _a5-е издание
264 _aМосква :
_bЛаборатория знаний,
_c2017.
300 _a368стр,ил,23см
440 _aУчебник для высшей школы
_911486
500 _aбиблиогр. : стр. 365-368
541 _h41л.
653 _aОрганическая химия
653 _aორგანული ქიმია
653 _aქიმია
942 _cBK
_2udc